Causa instruida por la destrucción de la escuadra de Filipinas y entrega del Arsenal de Cavite (Record no. 153224)
[ view plain ]
| 000 -LEADER | |
|---|---|
| campo de control de longitud fija | 01189nam a22002535i 4500 |
| 001 - NÚMERO DE CONTROL | |
| campo de control | 153224 |
| 003 - IDENTIFICADOR DE NÚMERO DE CONTROL | |
| campo de control | ES-MaACL |
| 005 - FECHA Y HORA DE LA ÚLTIMA TRANSACCIÓN | |
| campo de control | 20250830222953.0 |
| 008 - DATOS DE LONGITUD FIJA--INFORMACIÓN GENERAL | |
| campo de control de longitud fija | 950206s1899 sp |||| | spa d |
| 040 ## - FUENTE DE CATALOGACIÓN | |
| Centro catalogador/agencia de origen | CAM |
| Lengua de catalogación | spa |
| Centro/agencia transcriptor | CCPB | PA2 |
| 080 ## - NÚMERO DE LA CLASIFICACIÓN DECIMAL UNIVERSAL | |
| Número de la Clasificación Decimal Universal | 34.096 Montojo, Patricio |
| 080 ## - NÚMERO DE LA CLASIFICACIÓN DECIMAL UNIVERSAL | |
| Número de la Clasificación Decimal Universal | 94(460)"1898" |
| 080 ## - NÚMERO DE LA CLASIFICACIÓN DECIMAL UNIVERSAL | |
| Número de la Clasificación Decimal Universal | 94(73)"1898" |
| 100 1# - ENTRADA PRINCIPAL--NOMBRE DE PERSONA | |
| Nombre de persona | Concas y Palau, Víctor. |
| 9 (RLIN) | 40067 |
| 245 10 - MENCIÓN DEL TÍTULO | |
| Título | Causa instruida por la destrucción de la escuadra de Filipinas y entrega del Arsenal de Cavite |
| Resto del título | : escrito y rectificación oral ante el Consejo... en defensa del Contraalmirante de la Armada y Comandante General del Apostadero y Escuadra de Filipinas...D. Patricio Montojo y Pasarón / |
| Mención de responsabilidad, etc. | por D. Victor M. Concas y Palau. |
| 260 ## - PUBLICACIÓN, DISTRIBUCIÓN, ETC. | |
| Lugar de publicación, distribución, etc. | Madrid : |
| Nombre del editor, distribuidor, etc. | [s.n.], |
| Fecha de publicación, distribución, etc. | 1899 ( |
| Fabricante | Sucesores de Rivadeneyra) |
| 300 ## - DESCRIPCIÓN FÍSICA | |
| Extensión | 112 p. ; |
| Dimensiones | 22 cm. |
| 530 ## - NOTA DISPONIBLE DE FORMULARIO FÍSICO ADICIONAL | |
| Nota de formato físico adicional disponible | Disponible también en sitio web. |
| 594 ## - Nota al título y mención de responsabilidad | |
| Nota al título y mención de responsabilidad | En antep. "Defensa del General Montojo" |
| 600 17 - PUNTO DE ACCESO ADICIONAL DE MATERIA--NOMBRE DE PERSONA | |
| Nombre de persona | Montojo, Patricio, |
| Fechas asociadas al nombre | 1839-1917- |
| Subdivisión general | Procesos |
| Fuente del encabezamiento o término | |
| 9 (RLIN) | 150781 |
| 650 04 - PUNTO DE ACCESO ADICIONAL DE MATERIA--TÉRMINO DE MATERIA | |
| Término de materia o nombre geográfico como elemento de entrada | Guerra hispano-americana, 1898 |
| 9 (RLIN) | 13207 |
| 852 ## - LOCALIZACIÓN | |
| Ubicación | ES-MaACL |
| Número de control de estantería | T-925-F-1 |
| Nota libre | -- Enc. hol., conservando la enc. original |
| -- | -- Enc. en un vol. facticio |
| Estatus retirado | Estado de pérdida | Estado de daño | No para préstamo | Colección | Biblioteca de origen | Biblioteca actual | Ubicación en estantería | Fecha de adquisición | Total de préstamos | Signatura topográfica completa | Código de barras | Visto por última vez | Precio de reemplazo | Tipo de ítem Koha |
|---|---|---|---|---|---|---|---|---|---|---|---|---|---|---|
| Colección de folletos | Biblioteca del Ateneo de Madrid | Biblioteca del Ateneo de Madrid | Depósito folletos | 17/01/2008 | T-925-F-1 | 1160110 | 23/02/2023 | 23/02/2023 | Folleto |
